Online
Catalog

El sindicalismo regional en los noventa / (Record no. 13455)

MARC details
000 -CABECERA
campo de control de longitud fija 00973cam a2200277 a 4500
001 - NÚMERO DE CONTROL
campo de control 000013845
005 - FECHA Y HORA DE LA ÚLTIMA TRANSACCIÓN
campo de control 20200929163354.0
008 - DATOS DE LONGITUD FIJA--INFORMACIÓN GENERAL
campo de control de longitud fija 970910s1996 mx b 000 0 spa
020 ## - NÚMERO INTERNACIONAL ESTÁNDAR DEL LIBRO
Número Internacional Estándar del Libro 9686075666
035 ## - NÚMERO DE CONTROL DEL SISTEMA
Número de control de sistema (NcChVT)MN174BC043
040 ## - FUENTE DE LA CATALOGACIÓN
Centro catalogador/agencia de origen DO-SdBNP
Centro/agencia transcriptor DLC
Centro/agencia modificador DLC
043 ## - CÓDIGO DE ÁREA GEOGRÁFICA
Código de área geográfica n-mx---
082 ## - NÚMERO DE LA CLASIFICACIÓN DECIMAL DEWEY
Número de clasificación 335.82
Número de documento/Ítem S616
049 ## - FONDOS LOCALES (OCLC)
Fondos de biblioteca BNGR
245 03 - MENCIÓN DE TÍTULO
Título El sindicalismo regional en los noventa /
Mención de responsabilidad, etc. María Eugenia de la O Martínez y Víctor Alejandro Espinoza Valle ; coordinadores.
260 ## - PUBLICACIÓN, DISTRIBUCIÓN, ETC.
Lugar de publicación, distribución, etc. Tijuana, B.C., México :
Nombre del editor, distribuidor, etc. El Colegio de la Frontera Norte,
Fecha de publicación, distribución, etc. 1996.
300 ## - DESCRIPCIÓN FÍSICA
Extensión 140 p. ;
Dimensiones 21 cm.
490 1# - MENCIÓN DE SERIE
Mención de serie COLEF
Designación de volumen o secuencia 4
504 ## - NOTA DE BIBLIOGRAFÍA, ETC.
Nota de bibliografía, etc. Incluye referencias bibliográficas.
650 #4 - PUNTO DE ACCESO ADICIONAL DE MATERIA--TÉRMINO DE MATERIA
Término de materia o nombre geográfico como elemento de entrada Sindicalismo
Subdivisión geográfica México
9 (RLIN) 31356
650 #4 - PUNTO DE ACCESO ADICIONAL DE MATERIA--TÉRMINO DE MATERIA
Término de materia o nombre geográfico como elemento de entrada Sindicatos
Subdivisión geográfica México
9 (RLIN) 31357
700 1# - PUNTO DE ACCESO ADICIONAL--NOMBRE DE PERSONA
Nombre de persona O. Martinez, María Eugenia de la.
Término indicativo de función/relación pról.
9 (RLIN) 31358
700 1# - PUNTO DE ACCESO ADICIONAL--NOMBRE DE PERSONA
Nombre de persona Espinoza Valle, Víctor Alejandro,
Término indicativo de función/relación pról.
Fechas asociadas al nombre 1958-
9 (RLIN) 31359
830 #0 - PUNTO DE ACCESO ADICIONAL DE SERIE-TÍTULO UNIFORME
Título uniforme COLEF ;
Designación de volumen o secuencia 4
9 (RLIN) 31360
910 ## - DATOS DE OPCIÓN DEL USUARIO (OCLC)
Datos de opción del usuario Catalogación por copia / LC
Holdings
Estado de retiro Estado de pérdida Restricciones de uso No para préstamo Código de colección Localización permanente Ubicación/localización actual Ubicación en estantería Fecha de adquisición Número de inventario Total de préstamos Signatura topográfica completa Código de barras Fecha visto por última vez Precio válido a partir de Tipo de ítem Koha
    Préstamo interno   Monografías: Libros y Folletos General General En catalogación 30.11.2009 LF1   335.82 S616 13845-10 25.06.2020 25.06.2020 Préstamo interno

Powered by Koha